[Event "CZE-ch U10/12 Girls"]
[Site "Czech Republic"]
[Date "2004.03.09"]
[Round "5"]
[White "Zavadilova, Karolina"]
[Black "Leharova, Alzbeta"]
[Result "1-0"]
[WhiteElo "1100"]
[BlackElo "1100"]
[PlyCount "59"]
[EventDate "2004.03.06"]
[EventType "swiss"]
[EventRounds "9"]
[EventCountry "CZE"]
[SourceTitle "EXT 2007"]
[Source "ChessBase"]
[SourceDate "2006.11.23"]
[SourceVersion "1"]
[SourceVersionDate "2006.11.23"]
[SourceQuality "1"]

1. e4 e5 2. Nf3 Nc6 3. d4 exd4 4. Nxd4 Bc5 5. Nxc6 bxc6 6. Bc4 h6 7. 0-0 Nf6 8. Bf4 Nxe4 9. Re1 d5 10. Be3 Bxe3 11. Rxe3 0-0 12. f3 dxc4 13. Qxd8 Rxd8 14. Rxe4 Rb8 15. b3 cxb3 16. axb3 Bf5 17. Rc4 Re8 18. Kf2 Re6 19. Nd2 Rd8 20. Ne4 Bxe4 21. fxe4 Rd2+ 22. Kg1 Rg6 23. g3 Rg5 24. Rf1 Rh5 25. Rf2 Rxf2 26. Kxf2 Rxh2+ 27. Kf3 h5 28. Rxc6 Rh3 29. Kg2 Rxg3+ 30. Kxg3 1-0